00540nam a2200181 a 450000100100000000500170001000800410002702000150006804000250008308200160010810000320012424500830015626000330023930000330027249000100030570000330031583000100034800002370720200930022415.0101220s1974 sp r 001 0 spa d a8430507507 aDO-SdBNPbspacBNPHU annnnbS164e1 aSalgari, Emilio,d1862-191110aEn las fronteras del Far-West /cEmilio Salgari ; ilustraciones J. P. Montero. aBarcelona :bSusaeta,c1974. a114, [4] p. :bil. ;c21 cm.1 aSaeta1 aMontero, J. P.,eill.d1941- 0aSaeta